LEADER 00803nam a2200217 i 4500 001 000000171140 003 CaOOAMICUS 005 20080419000000.0 008 080419n it u000 u ita u 013 $a148564 040 $aSeMil$bita 100 1 $a?renburg, Il'ja Grigor'evi?,$d<1891-1967>.$0(OLS)http://semarc/name/8341 245 10$a13 pipe /$cdi Elia Ehrenburg. 260 $aMilano :$bDall'Oglio,$c[19-?] 300 $a258 p. ;$c19 cm. 490 0 $aI corvi : collana universale moderna ;$v95 830 2$aI corvi ;$v95.$0(OLS)http://semarc/title/12990 850 $aSeMil 852 $aSeMil$W1$xVenegono$y1$m1W I 157$j122015$B122015$CSeMilBibl$Z2$F133275 $81 996 $6245$a13 pipe$9(OLS)http://semarc/title/244817 996 $6260$aMilano :$bDall'Oglio$9(OLS)http://semarc/publisher/30217 LEADER 01633nam a2200337 i 4500 001 000000169178 003 CaOOAMICUS 005 20210527104834.0 008 150930s2008 be u000 u lat u 013 $a146581 020 $a978-2-503-05241-0 040 $aSeMil$bita 041 1 $alat$afre 100 0 $aChristianus : Stabulensis,$c.$0(OLS)http://semarc/name/63452 245 10$aExpositio super librum generationis /$cChristianus dictus Stabulensis ; édition critique par R.B.C. Huygens. 246 01$aCommentaire sur l'évangile selon Saint Mathieu 264 1$aTurnhout :$bBrepols,$c2008. 300 $a609 p. ;$c26 cm. 490 1 $aCorpus Christianorum. Continuatio Mediaevalis ;$v224 546 $aTesto latino e introduzione in francese 650 4$aBibbia. Nuovo Testamento. Vangelo secondo Matteo - Commentari, studi, critica, interpretazioni.$0(OLS)http://semarc/subject/32 700 1 $aHuygens, Robert Burchard Constantijn,$d<1931- >.$0(OLS)http://semarc/name/3603 830 0$aCorpus Christianorum. Continuatio Mediaevalis ;$v224.$0(OLS)http://semarc/title/35 850 $aSeMil 852 $aSeMil$W1$xVenegono$y1$mSL2.G II 224$j120142$B120142$CSeMilBibl$Z2$F131463 $8I 961 $aSottoscrizione: Brepols 996 $6020$a978-2-503-05241-0$9(OLS)http://semarc/number/156042 996 $6245$aExpositio super librum generationis$9(OLS)http://semarc/title/241937 996 $6246$aCommentaire sur l'évangile selon Saint Mathieu$9(OLS)http://semarc/title/241938 996 $6264$aTurnhout :$bBrepols$9(OLS)http://semarc/publisher/29626